LEADER 01717nam 2200541 a 450 001 9910456616503321 005 20200520144314.0 010 $a1-62100-337-X 035 $a(CKB)2550000000046558 035 $a(EBL)3021971 035 $a(SSID)ssj0000643509 035 $a(PQKBManifestationID)12236463 035 $a(PQKBTitleCode)TC0000643509 035 $a(PQKBWorkID)10667864 035 $a(PQKB)11784558 035 $a(MiAaPQ)EBC3021971 035 $a(Au-PeEL)EBL3021971 035 $a(CaPaEBR)ebr10686295 035 $a(OCoLC)923667304 035 $a(EXLCZ)992550000000046558 100 $a20130425d2011 uy 0 101 0 $aeng 135 $aur|n|---||||| 181 $ctxt 182 $cc 183 $acr 200 00$aChaos and complexity research compendium$b[electronic resource] $hVolume 1 /$fFranco F. Orsucci and Nicoletta Sala, editors 210 $aNew York $cNova Science Publishers, Inc.$dc2011 215 $a1 online resource (370 p.) 225 0 $aChaos and complexity research compendium ;$vv. 1 225 1 $aChaos and complexity,$x2158-8066 300 $aDescription based upon print version of record. 311 $a1-60456-787-2 320 $aIncludes bibliographical references and index. 410 0$aChaos and complexity. 606 $aChaotic behavior in systems 608 $aElectronic books. 615 0$aChaotic behavior in systems. 676 $a003/.857 701 $aOrsucci$b Franco F$0996663 701 $aSala$b Nicoletta$0286812 801 0$bMiAaPQ 801 1$bMiAaPQ 801 2$bMiAaPQ 906 $aBOOK 912 $a9910456616503321 996 $aChaos and complexity research compendium$92285114 997 $aUNINA LEADER 05632nam 2200733 a 450 001 9910461644503321 005 20200520144314.0 010 $a1-283-37488-9 010 $a9786613374882 010 $a0-12-385143-2 035 $a(CKB)2670000000132108 035 $a(EBL)829962 035 $a(OCoLC)769344342 035 $a(SSID)ssj0000611917 035 $a(PQKBManifestationID)12284859 035 $a(PQKBTitleCode)TC0000611917 035 $a(PQKBWorkID)10666257 035 $a(PQKB)11303775 035 $a(MiAaPQ)EBC829962 035 $a(PPN)17060070X 035 $a(Au-PeEL)EBL829962 035 $a(CaPaEBR)ebr10521166 035 $a(CaONFJC)MIL337488 035 $a(EXLCZ)992670000000132108 100 $a20111123d2012 uy 0 101 0 $aeng 135 $aur|n|---||||| 181 $ctxt 182 $cc 183 $acr 200 00$aFunctional materials$b[electronic resource] $epreparation, processing and applications /$f[edited by] S. Banerjee, A.K. Tyagi 205 $a1st ed. 210 $aLondon $cElsevier$d2012 215 $a1 online resource (731 p.) 225 1 $aElsevier insights 300 $aDescription based upon print version of record. 311 $a0-323-16511-7 311 $a0-12-385142-4 320 $aIncludes bibliographical references. 327 $aFront Cover; Functional Materials; Copyright Page; Contents; Preface; About the Editors; Contributors; 1 Soft Materials - Properties and Applications; 1.1 Introduction to Soft Matter; 1.1.1 Introduction; 1.1.2 Soft Matter: A Viscoelastic Fluid; 1.1.3 Shear Modulus and the Energy Density; 1.2 Intermolecular Interactions in Soft Materials; 1.2.1 Charge-Charge Interaction; 1.2.2 Ion-Dipole Interactions; 1.2.3 Dipole-Dipole Interactions; 1.2.4 Ion-Induced Dipole Interactions; 1.2.5 Dipole-Induced Dipole Interaction; 1.2.6 Induced Dipole-Induced Dipole Interactions; 1.2.7 Hydrogen Bonds 327 $a1.2.8 Hydrophobic Interactions1.2.9 Depletion Interactions; 1.3 Colloids; 1.3.1 Interactions Between Colloidal Particles; van der Waals Interaction; Electrostatic Forces Between Surfaces; 1.3.2 DLVO Theory of Colloid Stability; 1.4 Surfactant Assemblies; 1.4.1 Surface Tension and Surface Activity; 1.4.2 Surfactant Aggregation and Hydrophobic Effect; 1.4.3 Thermodynamics of Micelle Formation; 1.4.4 Dynamics of Micelle Formation; 1.4.5 Phase Behaviour of Surfactants; 1.4.6 Packing Parameter and Bending Rigidity; 1.5 Polymer Solutions; 1.5.1 Introduction; 1.5.2 Conformations of Polymer Chains 327 $a1.5.3 Size of a Freely Jointed Chain1.5.4 Size of an Ideal Chain with Fixed Bond Angle; 1.5.5 Flexibility of a Polymer Chain; 1.5.6 Polymer Gels; 1.5.7 Theories of Gelation; Classical Theory or Flory-Stockmayer Model; Percolation Theory; 1.5.8 Polyelectrolytes and Counterion Condensation; Counterion condensation; 1.6 Experimental Techniques in Soft Matter; 1.6.1 Scattering Techniques; Light Scattering; Static Light Scattering; Dynamic Light Scattering; Small-Angle Neutron Scattering; Contrast Factor; Determination of Intraparticle Structure; Polydisperse Particles; Guinier Approximation 327 $aPorod LawDetermination of Interparticle Structure Factor; Small-Angle X-Ray Scattering; 1.6.2 Microscopy; Cryo-Transmission Electron Microscope; 1.6.3 Rheology; 1.7 Applications of Soft Matter; 1.7.1 Stimuli Responsive Materials; 1.7.2 Soft Materials in Drug Delivery; 1.7.3 Nanotechnology Using Soft Materials; 1.7.4 Oil Field Applications; References; 2 Conducting Polymer Sensors, Actuators and Field-Effect Transistors; 2.1 Introduction; 2.2 Synthesis of Conducting Polymers; 2.2.1 Synthesis of Bulk and Fibre Polyindole; 2.2.2 Synthesis of Crystalline Polyaniline 327 $a2.2.3 Films of Conducting Polymers2.3 Conducting Polymer Gas Sensors; 2.3.1 Configuration of Chemiresistor Sensors; 2.3.2 Polycarbazole Langmuir-Blodgett Film-Based Sensors; 2.3.3 Polyaniline Nanofibre Sensors; 2.3.4 Composite Poly(3-hexylthiophene):ZnO-Nanowire-Based NO2 Sensors; 2.3.5 Composite Polypyrrole:ZnO-Nanowire-Based Chlorine Sensor; 2.4 Electrochemical Actuators; 2.4.1 Fabrication of PPy-DBS/Au Free-standing Film; 2.4.2 PPy-DBS/Au Free-standing Film as Actuator; 2.5 Conducting Polymer FETs; 2.5.1 Fabrication of Top-Contact FET; 2.5.2 Characteristics of P3HT Active Layer 327 $a2.5.3 Transistor Characteristics of P3HT Active Layer 330 $a Functional materials have assumed a very prominent position in several high-tech areas. Such materials are not being classified on the basis of their origin, nature of bonding or processing techniques but are classified on the basis of the functions they can perform. This is a significant departure from the earlier schemes in which materials were described as metals, alloys, ceramics, polymers, glass materials etc. Several new processing techniques have also evolved in the recent past. Because of the diversity of materials and their functions it has become extremely difficult to obtain info 410 0$aElsevier insights. 606 $aMolecular electronics$xMaterials 606 $aElectrooptics$xMaterials 606 $aOptoelectronics$xMaterials 608 $aElectronic books. 615 0$aMolecular electronics$xMaterials. 615 0$aElectrooptics$xMaterials. 615 0$aOptoelectronics$xMaterials. 676 $a620.11 701 $aBanerjee$b S$01050690 701 $aTyagi$b A. K$01050691 801 0$bMiAaPQ 801 1$bMiAaPQ 801 2$bMiAaPQ 906 $aBOOK 912 $a9910461644503321 996 $aFunctional materials$92480698 997 $aUNINA LEADER 03589nam 2200481 450 001 996547959603316 005 20230513234040.0 010 $a3-031-26500-9 024 7 $a10.1007/978-3-031-26500-6 035 $a(MiAaPQ)EBC7201612 035 $a(Au-PeEL)EBL7201612 035 $a(CKB)26155057000041 035 $a(DE-He213)978-3-031-26500-6 035 $a(PPN)268204950 035 $a(EXLCZ)9926155057000041 100 $a20230513d2023 uy 0 101 0 $aeng 135 $aurcnu|||||||| 181 $ctxt$2rdacontent 182 $cc$2rdamedia 183 $acr$2rdacarrier 200 00$aAnalysis, estimations, and applications of embedded systems $e6th IFIP TC 10 International Embedded Systems Symposium, IESS 2019, Friedrichshafen, Germany, September 9-11, 2019, revised selected papers /$fedited by Marco A. Wehrmeister, [and five others] 205 $a1st ed. 2023. 210 1$aCham, Switzerland :$cSpringer,$d[2023] 210 4$dİ2023 215 $a1 online resource (195 pages) 225 1 $aIFIP Advances in Information and Communication Technology,$x1868-422X ;$v576 311 08$aPrint version: Wehrmeister, Marco A. Analysis, Estimations, and Applications of Embedded Systems Cham : Springer,c2023 9783031264993 320 $aIncludes bibliographical references and index. 327 $aEmbedded Real-Time Systems -- A Real-Time Operating System for Cyber-Physical Systems Based on Physical Time and Logical Time -- A Proposal to Trace and Maintain Requirements Constraints of Real-Time Embedded Systems -- A Comparative Analysis between SysML and AADL when Modeling a Real-Time System -- Design, Implementation, and Evaluation of a Real-Time Localization System for the Optimization of Agitation Processes -- Estimations -- Improving Estimations for Latencies of Cause-Effect Chains -- Workload Characterization for Memory Management in Emerging Embedded Platforms -- Tool and Method for Obtaining End-to-End Reliability Parameters of Wireless Industrial Networks -- Architecture & Application -- Towards ASIP Architecture-Driven Algorithm Development -- Using Data Mining and Mobile Devices to Assist the Interactive Automotive Diagnostics -- Algorithm and System C -- An Untimed SystemC Model of GoogLeNet -- An Efficient Lightweight Framework for Porting Vision Algorithms on Embedded SoCs -- Analysis -- IoT Assistant for People with Visual Impairment in Edge Computing -- Analysis of Low Cost Sensors Applied to the Detection of Obstacles in High Voltage Towers -- Monitoring of an Artificial DNA in Dynamic Environments -- Design and Analysis of an Online Update Approach for Embedded Microprocessors. 330 $aThis book constitutes the refereed proceedings of the 6th IFIP TC 10 International Embedded Systems Symposium, IESS 2019, which took place in Friedrichshafen, Germany, in September 2019. The 16 full papers and 4 short papers presented in this book were carefully reviewed and selected from 32 submissions. The papers were organized in topical sections on embedded real-time systems; estimations; architecture and applications; algorithms and System C; and analysis. . 410 0$aIFIP Advances in Information and Communication Technology,$x1868-422X ;$v576 606 $aBusiness$xData processing 615 0$aBusiness$xData processing. 676 $a260 702 $aWehrmeister$b Marco A. 801 0$bMiAaPQ 801 1$bMiAaPQ 801 2$bMiAaPQ 906 $aBOOK 912 $a996547959603316 996 $aAnalysis, estimations, and applications of embedded systems$93364032 997 $aUNISA